Chicago Neighborhoods and Suburbs - Statistics

General Stats
  • This quiz has been taken 287 times
  • The average score is 110 of 312
Answer Stats
Area Population (2020) Answer % Correct
DuPage County 149,540 Naperville
88%
Suburban Cook 78,110 Evanston
81%
Kane County 180,542 Aurora
79%
North Side 70,492 Lincoln Park
76%
Gary
75%
Will County 150,362 Joliet
74%
Downtown 42,298 Loop
73%
Suburban Cook 85,268 Cicero
72%
Kane County 114,797 Elgin
70%
Oak Park
69%
North Cook 77,676 Arlington Heights
68%
Kenosha
66%
North Side 103,050 Lake View
66%
Skokie
66%
Suburban Cook 78,723 Schaumburg
65%
Lake County 89,321 Waukegan
65%
Highland
62%
Far North Side 55,628 Rogers Park
61%
North Side 40,494 Lincoln Square
59%
North Side 105,481 Near North Side
58%
Orland Park
58%
Wilmette
57%
Des Plaines
56%
Highland Park
56%
Far South Side 27,300 South Chicago
56%
Winnetka
56%
Barrington
55%
Northwest Side 71,665 Logan Square
55%
West Side 96,557 Austin
54%
Elmhurst
54%
South Side 29,456 Hyde Park
54%
North Side 57,182 Uptown
54%
Wheaton
54%
Far North Side 56,296 Edgewater
53%
Glenview
53%
Northwest Indiana 77,879 Hammond
53%
North Chicago
53%
Tinley Park
53%
Downers Grove
52%
South Side 24,369 Englewood
52%
Lake Forest
52%
Northbrook
52%
Buffalo Grove
51%
South Side 28,795 Near South Side
51%
Palatine
51%
West Chicago
51%
West Side 17,433 West Garfield Park
51%
Berwyn
50%
Gurnee
50%
Mount Prospect
50%
West Side 67,881 Near West Side
50%
Oak Lawn
50%
Far Northwest Side 13,418 O'Hare
50%
Zion
50%
Northwest Side 48,396 Albany Park
49%
Deerfield
49%
West Side 19,992 East Garfield Park
48%
Glen Ellyn
48%
Lemont
48%
Park Ridge
48%
East Chicago
47%
Hoffman Estates
47%
McHenry
47%
Niles
47%
South Side 53,971 South Shore
47%
South Side 33,702 Bridgeport
46%
Chicago Heights
46%
Elk Grove Village
46%
Geneva
46%
Hinsdale
46%
Portage
46%
Bridgeview
45%
Lake Zurich
45%
Oak Brook
45%
St. Charles
45%
West Side 87,781 West Town
45%
Will/Dupage 73,922 Bolingbrook
44%
Glencoe
44%
West Side 54,165 Humboldt Park
44%
Lincolnwood
44%
Calumet City
43%
Crystal Lake
43%
Mundelein
43%
Plainfield
43%
Northwest Side 51,940 Irving Park
42%
Libertyville
42%
Lombard
42%
Far South Side 6,820 Pullman
42%
Wheeling
42%
Far Northwest Side 26,216 Jefferson Park
41%
La Grange
41%
Melrose Park
41%
Palos Heights
41%
Northwest Side 78,116 Belmont Cragin
40%
Far Northwest Side 11,525 Edison Park
40%
Forest Park
40%
Oswego
40%
Valparaiso
40%
South Side 12,707 Washington Park
40%
Alsip
39%
Southwest Side 14,196 Archer Heights
39%
Bartlett
39%
Far Southwest Side 20,027 Beverly
39%
Northwest Side 24,062 Hermosa
39%
Lisle
39%
Maywood
39%
Far South Side 7,262 Riverdale
39%
Far Southwest Side 44,878 Auburn Gresham
38%
Northwest Side 36,257 Avondale
38%
Brookfield
38%
Morton Grove
38%
Norridge
38%
West Side 34,794 North Lawndale
38%
Far Northwest Side 38,303 Norwood Park
38%
Addison
37%
Batavia
37%
Blue Island
37%
Far South Side 21,724 East Side
37%
Fox Lake
37%
Homewood
37%
South Side 19,116 Kenwood
37%
Northfield
37%
Riverside
37%
Southwest Side 29,647 West Englewood
37%
Algonquin
36%
Antioch
36%
Burbank
36%
Elmwood Park
36%
Franklin Park
36%
Lockport
36%
Far Southwest Side 18,628 Mount Greenwood
36%
River Forest
36%
Romeoville
36%
Far South Side 38,816 Roseland
36%
West Side 71,399 South Lawndale
36%
Western Springs
36%
Far South Side 26,104 West Pullman
36%
Far North Side 77,122 West Ridge
36%
Dolton
35%
South Side 20,291 Douglas
35%
Far Northwest Side 19,596 Forest Glen
35%
Southwest Side 39,540 Gage Park
35%
Hanover Park
35%
Harvey
35%
Far South Side 10,027 Hegewisch
35%
North Side 35,114 North Center
35%
Palos Hills
35%
Rolling Meadows
35%
South Barrington
35%
Far South Side 14,105 South Deering
35%
South Elgin
35%
Bensenville
34%
Burr Ridge
34%
Carol Stream
34%
Evergreen Park
34%
Southwest Side 15,923 McKinley Park
34%
Far Southwest Side 21,186 Morgan Park
34%
Oak Forest
34%
Prospect Heights
34%
Round Lake
34%
Vernon Hills
34%
Southwest Side 33,662 West Lawn
34%
South Side 24,425 Woodlawn
34%
South Side 13,890 Armour Square
33%
Far South Side 31,710 Chatham
33%
Southwest Side 55,931 Chicago Lawn
33%
Southwest Side 24,473 Clearing
33%
Darien
33%
Flossmoor
33%
North Aurora
33%
Streamwood
33%
Far South Side 13,088 Calumet Heights
32%
Carpentersville
32%
Northwest Side 43,147 Dunning
32%
South Side 2,567 Fuller Park
32%
Southwest Side 35,439 Garfield Ridge
32%
Grayslake
32%
Merrillville
32%
Southwest Side 43,628 New City
32%
Northwest Side 63,020 Portage Park
32%
Westmont
32%
Woodridge
32%
South Side 31,471 Greater Grand Crossing
31%
West Side 33,751 Lower West Side
31%
Lyons
31%
Far Northwest Side 17,559 North Park
31%
Roselle
31%
Schererville
31%
Schiller Park
31%
Summit
31%
Warrenville
31%
Winthrop Harbor
31%
Woodstock
31%
Southwest Side 45,053 Brighton Park
30%
Cary
30%
Harwood Heights
30%
Hillside
30%
Itasca
30%
Lake Bluff
30%
Villa Park
30%
Far Southwest Side 41,098 Ashburn
29%
Far South Side 9,458 Avalon Park
29%
Broadview
29%
Frankfort
29%
South Side 24,589 Grand Boulevard
29%
Midlothian
29%
Mokena
29%
New Lenox
29%
Orland Hills
29%
West Dundee
29%
Bellwood
28%
Chicago Ridge
28%
Northwest Side 14,401 Montclare
28%
Munster
28%
South Side 6,799 Oakland
28%
Park Forest
28%
South Holland
28%
Far Southwest Side 25,065 Washington Heights
28%
Berkeley
27%
Crown Point
27%
Glenwood
27%
Huntley
27%
La Grange Park
27%
Lincolnshire
27%
Southwest Side 18,394 West Elsdon
27%
Wood Dale
27%
Bloomingdale
26%
Far South Side 2,527 Burnside
26%
Inverness
26%
Lansing
26%
Plano
26%
Round Lake Beach
26%
Stickney
26%
Clarendon Hills
25%
Crete
25%
Hobart
25%
Matteson
25%
North Riverside
25%
River Grove
25%
University Park
25%
Wauconda
25%
Willowbrook
25%
Willow Springs
25%
Hickory Hills
24%
Highwood
24%
Homer Glen
24%
Long Grove
24%
Markham
24%
Northlake
24%
Westchester
24%
Worth
24%
Yorkville
24%
Glendale Heights
23%
Justice
23%
Minooka
23%
Monee
23%
Countryside
22%
Crestwood
22%
Dyer
22%
Pleasant Prairie
22%
Steger
22%
Winfield
22%
Calumet Park
21%
Country Club Hills
21%
Elburn
21%
Lynwood
21%
Manhattan
21%
Sauk Village
21%
Hazel Crest
20%
Montgomery
20%
Porter
20%
Shorewood
20%
Volo
20%
Beach Park
18%
Posen
18%
St. John
18%
Channahon
17%
Chesterton
17%
Richton Park
17%
Sugar Grove
17%
Crest Hill
16%
Hampshire
16%
Lake Station
16%
Lake Villa
16%
Bristol
14%
Campton Hills
14%
Cedar Lake
14%
Gages Lake
13%
Griffith
13%
Lakemoor
13%
Park City
13%
Round Lake Park
13%
Lindenhurst
12%
Braidwood
11%
Johnsburg
10%
Hawthorn Woods
9%
Lowell
9%
South Haven
9%
Wilmington
9%
Lake Hills
8%
Lakes Four Seasons
8%
Gilberts
7%
Island Lake
7%
Salem Lakes
7%
Twin Lakes
7%
Boulder Hill
6%
Grandwood Park
6%
Spring Grove
6%
Somers
5%
No matching quizzes found
Score Distribution
Percent of People with Each Score
Percentile by Number Answered
Your Score History
You have not taken this quiz